| 000 | 00542nam a22001937a 4500 | ||
|---|---|---|---|
| 999 |
_c4792 _d4792 |
||
| 003 | OSt | ||
| 005 | 20220317094752.0 | ||
| 008 | 160719b xxu||||| |||| 00| 0 eng d | ||
| 020 | _a0198531613 | ||
| 040 | _c040a | ||
| 082 |
_a514.3 _bSUT 1975 |
||
| 100 |
_aSutherland, W. A _910308 |
||
| 245 |
_aIntroduction to metric and topological spaces / _cW. A. Sutherland |
||
| 260 |
_aOxford _bClarendon press _c1975 |
||
| 300 |
_axiii, 181p; _bill : _c10 c,. |
||
| 504 | _aIncludes index | ||
| 650 |
_aTopological spaces _910309 |
||
| 942 |
_2z _cO_SHELF |
||